El bloqueo latinoamericano

-д хадгалсан:
Номзүйн дэлгэрэнгүй
Үндсэн зохиолч: Caldera, Rafael (Зохиогч)
Формат: Ном
Хэл сонгох:испани
Хэвлэсэн: Santiago Del Pacífico S. A 1961
Нөхцлүүд:
Шошгууд: Шошго нэмэх
Шошго байхгүй, Энэхүү баримтыг шошголох эхний хүн болох!

MARC

LEADER 00000cam a2200000 a 4500
001 UCE0144
003 CL-VaPUC
008 140103e19610000cl |||||||||||||||||spa|d
082 0 4 |a 306.08  |b CAL  |2 21 
100 0 |a Caldera, Rafael  |e author  |9 572556 
245 1 3 |a El bloqueo latinoamericano 
300 |a 128 p 
942 |c BK 
945 |d 20140103 12:15:00  |a dcastane 
260 |a Santiago  |b Del Pacífico S. A  |c 1961 
650 7 |a SISTEMAS POLITICOS  |2 CL-VaPUC  |9 572557 
650 0 |a Sociología   |9 255410 
650 7 |a CULTURA AMERICANA  |2 CL-VaPUC  |9 446221 
650 0 |a Sociología de la cultura   |9 318280 
650 7 |a POLITICA AMERICANA  |2 CL-VaPUC  |9 446707 
583 |a last modification  |c 20140103 12:15:00  |k Rodrigo Vera 
999 |c 354419  |d 354417 
952 |0 0  |1 0  |3 erb  |4 0  |6 306_080000000000000_CAL_1961  |7 0  |8 A  |9 460275  |a BIBHIS  |b BIBHIS  |i 5041392  |o 306.08 CAL 1961  |p 5041392  |r 2025-01-20  |w 2019-11-23  |y BK  |z Catalogado en:20140103  |k HIS